[Event "I Festival A"]
[Site "Bernate Ticino ITA"]
[Date "1998.07.12"]
[Round "6"]
[White "Pedemonte, Claudio"]
[Black "Carbone, Lorenzo"]
[Result "0-1"]
[WhiteElo "1659"]
[BlackElo "1665"]
[PlyCount "46"]
[EventDate "1998.07.09"]

1. c4 c5 2. Nc3 Nf6 3. Nf3 Nc6 4. d4 cxd4 5. Nxd4 Nxd4 6. Qxd4 a6 7. e4 d6 8.
Be2 Qc7 9. Bg5 Be6 10. O-O h6 11. Bh4 g5 12. Bg3 Bg7 13. Nd5 Bxd5 14. cxd5 Rc8
15. Rac1 Qxc1 16. Rxc1 Rxc1+ 17. Bf1 O-O 18. h3 Rfc8 19. Bh2 Re1 20. f3 Rcc1
21. Qd3 Rxf1+ 22. Qxf1 Rxf1+ 23. Kxf1 Nd7 0-1

[Event "I Festival A"]
[Site "Bernate Ticino ITA"]
[Date "1998.07.12"]
[Round "6"]
[White "Ruzza, Claudio"]
[Black "Piazza, Carlo"]
[Result "1/2-1/2"]
[WhiteElo "1818"]
[BlackElo "1711"]
[PlyCount "87"]
[EventDate "1998.07.09"]

1. d4 Nf6 2. Nf3 g6 3. Bf4 Bg7 4. e3 O-O 5. Be2 d6 6. h3 Nbd7 7. O-O c5 8. c3
b6 9. Nbd2 Bb7 10. a4 Ne4 11. Bh2 Nxd2 12. Nxd2 Kh8 13. a5 f5 14. axb6 axb6 15.
Bf3 Qc7 16. Bxb7 Qxb7 17. Qf3 Qxf3 18. Nxf3 h6 19. Rfe1 Bf6 20. Nd2 b5 21. Kf1
Kg7 22. Ke2 Kf7 23. Red1 cxd4 24. exd4 b4 25. Kd3 bxc3 26. bxc3 Rfc8 27. f3 d5
28. Nb3 Nb6 29. Rxa8 Rxa8 30. Ra1 Rxa1 31. Nxa1 Nc4 32. Bf4 h5 33. Nb3 g5 34.
Bc1 Kg6 35. Nd2 Nxd2 36. Bxd2 g4 37. Bf4 gxh3 38. gxh3 Bg5 39. Bg3 f4 40. Be1
Kf5 41. Bf2 e6 42. Be1 Bd8 43. Bf2 Bb6 44. Bh4 1/2-1/2

[Event "I Festival A"]
[Site "Bernate Ticino ITA"]
[Date "1998.07.12"]
[Round "6"]
[White "Sala, Gianni"]
[Black "Dallaglio, Giovanni"]
[Result "1/2-1/2"]
[WhiteElo "1729"]
[BlackElo "2070"]
[PlyCount "74"]
[EventDate "1998.07.09"]

1. e4 c5 2. Nf3 g6 3. d4 Bg7 4. Bc4 cxd4 5. Nxd4 Nc6 6. Be3 Nf6 7. Nc3 O-O 8.
f3 Qb6 9. Qd2 Qb4 10. Nxc6 bxc6 11. Bb3 d6 12. O-O Be6 13. Rfe1 Nd7 14. Red1
Ne5 15. Bg5 Qb6+ 16. Be3 Qb7 17. Bh6 Rfd8 18. Bxg7 Kxg7 19. f4 Qb6+ 20. Kh1 Nc4
21. Bxc4 Bxc4 22. b3 Ba6 23. Na4 Qc7 24. c4 e6 25. Nc3 c5 26. f5 Qe7 27. Rf1
Kh8 28. Rf3 Bb7 29. f6 Qf8 30. Rh3 Rd7 31. Qg5 Rad8 32. Rh6 d5 33. exd5 exd5
34. Nxd5 Qe8 35. Qh4 Qg8 36. Qg5 Qe8 37. Qh4 Qg8 1/2-1/2

[Event "I Festival A"]
[Site "Bernate Ticino ITA"]
[Date "1998.07.12"]
[Round "6"]
[White "Sartorio, Diego"]
[Black "Lapiccirella, Daniele"]
[Result "0-1"]
[WhiteElo "1570"]
[BlackElo "1639"]
[PlyCount "46"]
[EventDate "1998.07.09"]

1. e4 c5 2. c3 d5 3. exd5 Qxd5 4. d4 cxd4 5. cxd4 Nc6 6. Be3 e5 7. Nc3 Bb4 8.
dxe5 Bxc3+ 9. bxc3 Qxe5 10. Qb3 Nf6 11. Nf3 Qe7 12. Bb5 Bd7 13. O-O O-O 14. Bd3
Be6 15. Qc2 h6 16. Nd4 Nxd4 17. Bxd4 a6 18. Rfe1 Qd8 19. Qe2 Bd5 20. f3 Re8 21.
Qd2 Qd6 22. c4 Bc6 23. c5 Qxd4+ 0-1

[Event "I Festival A"]
[Site "Bernate Ticino ITA"]
[Date "1998.07.12"]
[Round "6"]
[White "Strazzeri, Marco"]
[Black "D'Aulisa, Francesco"]
[Result "0-1"]
[WhiteElo "1654"]
[BlackElo "1512"]
[PlyCount "82"]
[EventDate "1998.07.09"]

1. e4 Nf6 2. e5 Nd5 3. d4 e6 4. c4 Bb4+ 5. Bd2 Bxd2+ 6. Qxd2 Nb6 7. Nc3 d5 8.
c5 N6d7 9. Bd3 b6 10. b4 c6 11. Nge2 bxc5 12. bxc5 Ba6 13. O-O Bxd3 14. Qxd3 a5
15. Na4 Na6 16. a3 Nc7 17. f4 f5 18. Rf3 Nb5 19. Rh3 h6 20. Kh1 Ke7 21. Rg1 h5
22. Qf3 Qe8 23. Qg3 Qf7 24. Qg5+ Kf8 25. g4 fxg4 26. Rxg4 Nxa3 27. Rgh4 Nb1 28.
Rxh5 Rg8 29. Rh8 Nd2 30. R3h7 Rb8 31. f5 Nf3 32. Qg4 Rb1+ 33. Kg2 Ne1+ 34. Kh1
Nc2+ 35. Ng1 Ne3 36. Qg6 Nxf5 37. Qxf7+ Kxf7 38. Rxg8 Kxg8 39. Rh3 Nxd4 40. Ra3
Ne2 41. Nc3 Rxg1# 0-1

[Event "I Festival A"]
[Site "Bernate Ticino ITA"]
[Date "1998.07.12"]
[Round "6"]
[White "Vujovic, Milorad"]
[Black "Lapiccirella, Mattia"]
[Result "1/2-1/2"]
[WhiteElo "2275"]
[BlackElo "2030"]
[PlyCount "94"]
[EventDate "1998.07.09"]

1. e4 c5 2. Nf3 Nc6 3. Bb5 g6 4. O-O Bg7 5. Bxc6 bxc6 6. e5 Nh6 7. Nc3 O-O 8.
h3 f6 9. Ne4 fxe5 10. Nxc5 d5 11. d4 exd4 12. Nxd4 Qd6 13. b4 e5 14. Nf3 a5 15.
c3 Ra7 16. Ne4 Qb8 17. Ng3 axb4 18. cxb4 Qxb4 19. Nxe5 Qc3 20. Bxh6 Bxh6 21.
Ng4 Bxg4 22. Qxg4 Qf6 23. a4 c5 24. a5 Bg7 25. Ra2 Ra6 26. Rfa1 h5 27. Qa4 h4
28. Nf1 d4 29. Re2 Rfa8 30. Re8+ Rxe8 31. Qxe8+ Kh7 32. Qb5 Qc6 33. Qxc6 Rxc6
34. Rb1 Ra6 35. Nd2 Bh6 36. Nc4 Kg7 37. Kf1 Kf6 38. Ke2 Ke6 39. Kd3 Kd5 40. Re1
Rf6 41. Re2 g5 42. Re7 Kc6 43. g3 hxg3 44. fxg3 Bf8 45. Re5 Be7 46. h4 gxh4 47.
gxh4 Rf3+ 1/2-1/2

[Event "I Festival A"]
[Site "Bernate Ticino ITA"]
[Date "1998.07.12"]
[Round "6"]
[White "Zotti, Enrico"]
[Black "Genovese, Maurizio"]
[Result "0-1"]
[WhiteElo "1725"]
[BlackElo "2285"]
[PlyCount "32"]
[EventDate "1998.07.09"]

1. e4 e5 2. Nf3 Nc6 3. Bb5 Bb4 4. O-O Nge7 5. c3 Ba5 6. d4 exd4 7. cxd4 d5 8.
Qa4 O-O 9. exd5 Qxd5 10. Nc3 Bxc3 11. bxc3 Bg4 12. Ba3 Bxf3 13. gxf3 Ng6 14.
Bxf8 Nf4 15. Rfd1 Qg5+ 16. Kf1 Re8 0-1

[Event "I Festival A"]
[Site "Bernate Ticino ITA"]
[Date "1998.07.12"]
[Round "7"]
[White "Bonazzi, Edoardo"]
[Black "Piazza, Carlo"]
[Result "1/2-1/2"]
[WhiteElo "1933"]
[BlackElo "1711"]
[PlyCount "31"]
[EventDate "1998.07.09"]

1. e4 c5 2. Nc3 Nc6 3. g3 g6 4. Bg2 Bg7 5. d3 d6 6. Be3 e5 7. Qd2 Nge7 8. Bh6
O-O 9. h4 f6 10. Nge2 Nd4 11. Bxg7 Kxg7 12. Nxd4 cxd4 13. Ne2 h5 14. c3 dxc3
15. bxc3 Be6 16. Rb1 1/2-1/2

[Event "I Festival A"]
[Site "Bernate Ticino ITA"]
[Date "1998.07.12"]
[Round "7"]
[White "Carbone, Lorenzo"]
[Black "Ponti, Lorenzo"]
[Result "1/2-1/2"]
[WhiteElo "1665"]
[BlackElo "1864"]
[PlyCount "67"]
[EventDate "1998.07.09"]

1. e4 Nf6 2. e5 Nd5 3. d4 d6 4. exd6 exd6 5. Nf3 Nc6 6. c4 Nb6 7. Be2 Bg4 8. b3
Be7 9. O-O O-O 10. Bb2 Bf6 11. h3 Bh5 12. Nbd2 Re8 13. Re1 Qd7 14. Nf1 Bxf3 15.
Bxf3 Rxe1 16. Qxe1 Nxd4 17. Bxd4 Bxd4 18. Rd1 c5 19. Qe4 Re8 20. Qh4 d5 21. b4
Bf6 22. Qf4 d4 23. Ne3 Qe7 24. Ng4 Bg5 25. Qf5 h5 26. Nh2 cxb4 27. Rxd4 g6 28.
Qd3 Rd8 29. Rxd8+ Qxd8 30. Qxd8+ Bxd8 31. Bxb7 Nxc4 32. Nf3 a5 33. Bd5 Nb6 34.
Bb3 1/2-1/2

[Event "I Festival A"]
[Site "Bernate Ticino ITA"]
[Date "1998.07.12"]
[Round "7"]
[White "D'Aulisa, Francesco"]
[Black "Di Lascio, Savino"]
[Result "0-1"]
[WhiteElo "1512"]
[BlackElo "1753"]
[PlyCount "90"]
[EventDate "1998.07.09"]

1. e4 c6 2. d4 d5 3. e5 Bf5 4. Bd3 Bxd3 5. Qxd3 e6 6. Nf3 Qa5+ 7. Bd2 Qa6 8.
Qxa6 Nxa6 9. a3 c5 10. O-O Rc8 11. Nc3 Ne7 12. Nb5 Nc6 13. c3 Nab8 14. Bf4 Na5
15. Nxa7 Rd8 16. Nb5 Nb3 17. Rab1 h6 18. Nc7+ Kd7 19. Nb5 g5 20. Be3 Kc6 21. a4
Nd7 22. Nd2 c4 23. Nxb3 cxb3 24. f4 Ra8 25. Ra1 Nb6 26. fxg5 Nxa4 27. Nd6 Bxd6
28. exd6 Nxb2 29. Rab1 Nc4 30. Bf4 hxg5 31. Bxg5 Rhg8 32. Be7 Nd2 33. Rxb3 Nxb3
34. Rxf7 Ra1+ 35. Rf1 Rxf1+ 36. Kxf1 Nd2+ 37. Kg1 Ne4 38. h4 Nxc3 39. h5 Ne2+
40. Kf2 Nxd4 41. h6 Nf5 42. h7 Rh8 43. Bf6 Rxh7 44. g4 Nxd6 45. g5 Ne4+ 0-1

[Event "I Festival A"]
[Site "Bernate Ticino ITA"]
[Date "1998.07.12"]
[Round "7"]
[White "Dallaglio, Giovanni"]
[Black "Bemporad, Filippo"]
[Result "1-0"]
[WhiteElo "2070"]
[BlackElo "2050"]
[PlyCount "87"]
[EventDate "1998.07.09"]

1. d4 d5 2. c4 c6 3. Nf3 Nf6 4. e3 e6 5. Qc2 Nbd7 6. Nc3 Bd6 7. b3 O-O 8. Bd3
b6 9. O-O Bb7 10. Bb2 Rc8 11. Rfd1 Qe7 12. Qe2 e5 13. dxe5 Nxe5 14. Nxe5 Qxe5
15. g3 dxc4 16. Bxc4 Qe7 17. a4 Rcd8 18. Qc2 Be5 19. Bf1 c5 20. Bg2 Bxg2 21.
Kxg2 Qb7+ 22. f3 Ng4 23. Qe2 f5 24. Rxd8 Rxd8 25. Rd1 Re8 26. e4 Nf6 27. Qc4+
Kf8 28. exf5 Bd4 29. Rxd4 Re3 30. Re4 Nxe4 31. fxe4 Qd7 32. Nd5 Re1 33. Bc3 Rb1
34. a5 Qd8 35. axb6 axb6 36. b4 Qg5 37. Nf4 Qg4 38. bxc5 b5 39. Qd5 Rd1 40.
Qa8+ Kf7 41. Qb7+ Ke8 42. Qc8+ Rd8 43. Qe6+ Kf8 44. c6 1-0

[Event "I Festival A"]
[Site "Bernate Ticino ITA"]
[Date "1998.07.12"]
[Round "7"]
[White "Drabke, Lorenz Maximilian"]
[Black "Tavecchia, Mario"]
[Result "1/2-1/2"]
[WhiteElo "1906"]
[BlackElo "1630"]
[PlyCount "51"]
[EventDate "1998.07.09"]

1. e4 d5 2. exd5 Qxd5 3. Nc3 Qa5 4. d4 Nf6 5. Bc4 Bf5 6. Nf3 e6 7. Bd2 c6 8.
O-O Qc7 9. Re1 Be7 10. Ne5 Nbd7 11. Bf4 Nxe5 12. Bxe5 Bd6 13. Qf3 Bxe5 14. dxe5
Nd7 15. Qe2 O-O 16. Rad1 Nb6 17. Bd3 Bxd3 18. Rxd3 Rad8 19. Rh3 Nd5 20. Qe4 h6
21. Ne2 Qb6 22. Rb3 Qc7 23. Ng3 Ne7 24. Nf1 Rd7 25. Ne3 Rfd8 26. c3 1/2-1/2

[Event "I Festival A"]
[Site "Bernate Ticino ITA"]
[Date "1998.07.12"]
[Round "7"]
[White "Genovese, Maurizio"]
[Black "Barlocco, Carlo"]
[Result "0-1"]
[WhiteElo "2285"]
[BlackElo "2215"]
[PlyCount "76"]
[EventDate "1998.07.09"]

1. d4 d5 2. c4 c6 3. Nf3 e6 4. Nc3 Nf6 5. g3 Nbd7 6. Bg2 Be7 7. O-O O-O 8. b3
b6 9. Bb2 Bb7 10. Rc1 Rc8 11. Ne5 Nxe5 12. dxe5 Nd7 13. cxd5 cxd5 14. e4 dxe4
15. Nxe4 Rxc1 16. Qxc1 Qa8 17. Re1 Nc5 18. Nf6+ Kh8 19. Bxb7 Qxb7 20. Qc2 gxf6
21. exf6 Bd6 22. b4 Nd7 23. Qd2 Qd5 24. Qe2 Qf5 25. a3 Rc8 26. Rd1 Rc2 27. Rd2
Rxd2 28. Qxd2 Qd5 29. Qh6 Bf8 30. Qf4 e5 31. Qh4 b5 32. g4 Qb3 33. Qh5 Qxb2 34.
Qxf7 Qd4 35. g5 e4 36. Kg2 Qd2 37. Kf1 Qc1+ 38. Ke2 Qc4+ 0-1

[Event "I Festival A"]
[Site "Bernate Ticino ITA"]
[Date "1998.07.12"]
[Round "7"]
[White "Giuberchio, Cesare"]
[Black "Strazzeri, Marco"]
[Result "1-0"]
[WhiteElo "1723"]
[BlackElo "1654"]
[PlyCount "23"]
[EventDate "1998.07.09"]

1. e4 c6 2. Nc3 d5 3. Nf3 dxe4 4. Nxe4 Bg4 5. h3 Bh5 6. Ng3 Bg6 7. h4 h6 8. Ne5
Bh7 9. Qh5 g6 10. Qf3 Qd5 11. Qxd5 cxd5 12. Bb5+ 1-0

[Event "I Festival A"]
[Site "Bernate Ticino ITA"]
[Date "1998.07.12"]
[Round "7"]
[White "Griffa, Roberto"]
[Black "Vujovic, Milorad"]
[Result "0-1"]
[WhiteElo "2070"]
[BlackElo "2275"]
[PlyCount "80"]
[EventDate "1998.07.09"]

1. d4 Nf6 2. Nf3 b5 3. Bf4 Bb7 4. e3 e6 5. Nbd2 d6 6. c4 c6 7. Be2 Nbd7 8. O-O
g6 9. h3 Bg7 10. Rc1 O-O 11. Bh2 b4 12. Qc2 Re8 13. c5 d5 14. Ne5 Nxe5 15. Bxe5
a5 16. a4 Bc8 17. Bd3 Ba6 18. Bxa6 Rxa6 19. Nb3 Nd7 20. Bxg7 Kxg7 21. f3 e5 22.
Rce1 Qe7 23. Qf2 Raa8 24. g3 Qe6 25. Kg2 Re7 26. Nc1 Rae8 27. Nb3 exd4 28. Nxd4
Qf6 29. Nb3 h5 30. h4 Ne5 31. Re2 Nd3 32. Qg1 Nxb2 33. Nxa5 Nc4 34. Nxc4 dxc4
35. Rd1 b3 36. Rd6 Qe5 37. e4 f5 38. Qd4 Qxd4 39. Rxd4 fxe4 40. fxe4 Rb7 0-1

[Event "I Festival A"]
[Site "Bernate Ticino ITA"]
[Date "1998.07.12"]
[Round "7"]
[White "Lapiccirella, Daniele"]
[Black "Fiori, Mauro"]
[Result "1/2-1/2"]
[WhiteElo "1639"]
[BlackElo "1600"]
[PlyCount "42"]
[EventDate "1998.07.09"]

1. d4 d5 2. c4 e6 3. Nc3 Nf6 4. Bg5 Be7 5. Nf3 O-O 6. e3 Nbd7 7. Bd3 c6 8. O-O
Re8 9. a3 Bd6 10. Qc2 h6 11. Bh4 e5 12. dxe5 Nxe5 13. Nxe5 Bxe5 14. cxd5 cxd5
15. Rfd1 d4 16. exd4 Bxd4 17. Bh7+ Kh8 18. Ne2 Qb6 19. Nxd4 Nxh7 20. Rac1 Bg4
21. f3 Rac8 1/2-1/2

[Event "I Festival A"]
[Site "Bernate Ticino ITA"]
[Date "1998.07.12"]
[Round "7"]
[White "Lapiccirella, Mattia"]
[Black "Morselli, Stefano"]
[Result "1-0"]
[WhiteElo "2030"]
[BlackElo "1732"]
[PlyCount "67"]
[EventDate "1998.07.09"]

1. d4 Nf6 2. c4 g6 3. Nc3 Bg7 4. e4 d6 5. f4 O-O 6. Nf3 Bg4 7. Be2 Nbd7 8. O-O
e5 9. fxe5 dxe5 10. d5 Qe7 11. Be3 Nc5 12. h3 Bxh3 13. gxh3 Ncxe4 14. Nxe4 Nxe4
15. Qc2 f5 16. Kh2 Rae8 17. c5 Nf6 18. d6 cxd6 19. cxd6 Qd7 20. Qc7 e4 21. Bc4+
Kh8 22. Ng5 Rc8 23. Qxd7 Nxd7 24. Nf7+ Rxf7 25. Bxf7 Bxb2 26. Rab1 Be5+ 27. Bf4
Rc2+ 28. Kh1 Bxf4 29. Rxf4 Ne5 30. Rxb7 Rc1+ 31. Kg2 Nd3 32. Rh4 g5 33. d7 Rc2+
34. Kf1 1-0

[Event "I Festival A"]
[Site "Bernate Ticino ITA"]
[Date "1998.07.12"]
[Round "7"]
[White "Lovati, Paolo"]
[Black "Marigo, Narciso"]
[Result "1-0"]
[WhiteElo "2050"]
[BlackElo "1687"]
[PlyCount "79"]
[EventDate "1998.07.09"]

1. c4 e5 2. Nc3 Nc6 3. g3 Bc5 4. Bg2 a6 5. e3 d6 6. Nge2 Nge7 7. a3 a5 8. O-O
O-O 9. Rb1 Bg4 10. Nd5 Nxd5 11. cxd5 Ne7 12. h3 Bd7 13. b3 f5 14. d4 exd4 15.
Nxd4 Ng6 16. Bb2 Ne5 17. Kh2 Qe7 18. Qd2 Qe8 19. f4 Ng6 20. Ne6 Bxe6 21. dxe6
Qb5 22. Qc3 Rf6 23. Rbe1 Ne7 24. g4 fxg4 25. hxg4 Qe8 26. g5 Qh5+ 27. Bh3 Rg6
28. Kg3 Rf8 29. Qd3 d5 30. e4 dxe4 31. Qxe4 Bd6 32. Be5 Rxg5+ 33. fxg5 Qxg5+
34. Kh2 Rxf1 35. Bxf1 Qh5+ 36. Bh3 Ng6 37. Bxd6 cxd6 38. e7 Ne5 39. Rc1 Qe8 40.
Rc8 1-0

[Event "I Festival A"]
[Site "Bernate Ticino ITA"]
[Date "1998.07.12"]
[Round "7"]
[White "Mazzini, Antonio"]
[Black "Loncar, Robert"]
[Result "0-1"]
[WhiteElo "1912"]
[BlackElo "2410"]
[PlyCount "90"]
[EventDate "1998.07.09"]

1. d4 Nf6 2. Nf3 g6 3. c4 c5 4. d5 b5 5. cxb5 a6 6. b6 Qxb6 7. Nc3 Bg7 8. e4
O-O 9. Bc4 d6 10. O-O Bg4 11. a4 Nbd7 12. a5 Qb7 13. h3 Bxf3 14. Qxf3 Ne5 15.
Qe2 Nxc4 16. Qxc4 Nd7 17. Ra3 Rfb8 18. f4 Qa7 19. Kh1 Rb4 20. Qe2 Qb7 21. Rf3
Rb8 22. g4 Bd4 23. g5 Re8 24. Na2 Rb5 25. Nc3 Bxc3 26. Rfxc3 e6 27. dxe6 Rxe6
28. Re3 Rb4 29. Kh2 Rbxe4 30. Rxe4 Qxe4 31. Qxe4 Rxe4 32. Kg3 c4 33. Kf3 d5 34.
Be3 f5 35. gxf6 Nxf6 36. Bb6 Nh5 37. Bc7 Ng7 38. Re3 Rxe3+ 39. Kxe3 Nf5+ 40.
Kd2 d4 41. Kc2 Ne3+ 42. Kd2 Kf7 43. Bb6 Nf5 44. Kc2 Ke6 45. b4 Kd5 0-1

[Event "I Festival A"]
[Site "Bernate Ticino ITA"]
[Date "1998.07.12"]
[Round "7"]
[White "Rovatti, Paolo"]
[Black "Ruzza, Claudio"]
[Result "1/2-1/2"]
[WhiteElo "2055"]
[BlackElo "1818"]
[PlyCount "53"]
[EventDate "1998.07.09"]

1. d4 Nf6 2. Nf3 d5 3. c3 g6 4. Bg5 Bg7 5. Nbd2 O-O 6. e3 c6 7. Bd3 Bg4 8. h3
Bxf3 9. Nxf3 Nbd7 10. O-O Re8 11. Bf4 Ne4 12. Nd2 Nxd2 13. Qxd2 e5 14. dxe5
Nxe5 15. Be2 Qb6 16. b3 Rad8 17. h4 Nd7 18. h5 Nf6 19. hxg6 hxg6 20. Bg5 Rc8
21. Bxf6 Bxf6 22. Rad1 Rcd8 23. g3 Qc5 24. Rc1 Kg7 25. Kg2 Rh8 26. b4 Qe7 27.
Rh1 1/2-1/2

[Event "I Festival A"]
[Site "Bernate Ticino ITA"]
[Date "1998.07.12"]
[Round "7"]
[White "Sala, Gianni"]
[Black "Zotti, Enrico"]
[Result "0-1"]
[WhiteElo "1729"]
[BlackElo "1725"]
[PlyCount "50"]
[EventDate "1998.07.09"]

1. e4 c5 2. Nf3 d6 3. d4 cxd4 4. Nxd4 Nf6 5. Nc3 a6 6. Bg5 e6 7. f4 Be7 8. Qf3
Qc7 9. g4 Bd7 10. Bd3 Nc6 11. Nde2 Rc8 12. Bxf6 Bxf6 13. g5 Nd4 14. Qe3 Nxe2
15. gxf6 Nxc3 16. fxg7 Rg8 17. Rg1 Bb5 18. Qh3 Qc5 19. Rg3 Qd4 20. Qxh7 Kd7 21.
h4 Bxd3 22. cxd3 Ne2 23. Rg2 Nxf4 24. Rg3 Rc2 25. Kd1 Qf2 0-1

[Event "C.to Europeo U16"]
[Site "Mureck AUT"]
[Date "1998.07.08"]
[Round "1"]
[White "Bertagnolli, Alexander"]
[Black "Bar, Roman"]
[Result "1/2-1/2"]
[WhiteElo "1798"]
[BlackElo "2255"]
[PlyCount "104"]
[EventDate "1998.07.08"]

1. g3 e5 2. Bg2 Nc6 3. c4 g6 4. Nc3 Bg7 5. d3 d6 6. e3 f5 7. Nge2 Nf6 8. d4 O-O
9. O-O Kh8 10. Bxc6 bxc6 11. dxe5 dxe5 12. Qxd8 Rxd8 13. b3 Be6 14. Ba3 Rd2 15.
Rfd1 Rad8 16. Rxd2 Rxd2 17. Rd1 Rxd1+ 18. Nxd1 Nd7 19. Nb2 Kg8 20. Nd3 Kf7 21.
f4 h6 22. Bb4 e4 23. Nc5 Nxc5 24. Bxc5 a6 25. Nd4 Bxd4 26. Bxd4 Ke7 27. Bg7 h5
28. Bc3 Bc8 29. Kg2 Be6 30. Kh3 g5 31. Be5 Kd7 32. Bf6 g4+ 33. Kh4 Bf7 34. Kg5
Ke6 35. Be5 Be8 36. Bxc7 Bf7 37. Be5 Be8 38. a3 Bf7 39. a4 Be8 40. b4 Bd7 41.
Kxh5 Kf7 42. Kg5 Ke6 43. Kh4 Kf7 44. h3 Kg6 45. hxg4 fxg4 46. b5 cxb5 47. cxb5
axb5 48. axb5 Bxb5 49. Kxg4 Be2+ 50. Kh3 Kf5 51. Kg2 Bf3+ 52. Kf2 Bg4 1/2-1/2

[Event "C.to Europeo U16"]
[Site "Mureck AUT"]
[Date "1998.07.10"]
[Round "3"]
[White "Bertagnolli, Alexander"]
[Black "Szymanski, Marcin"]
[Result "1/2-1/2"]
[WhiteElo "1798"]
[BlackElo "2295"]
[PlyCount "85"]
[EventDate "1998.07.08"]

1. g3 e5 2. Bg2 Nf6 3. d3 d5 4. Nc3 d4 5. Ne4 Nxe4 6. dxe4 Bc5 7. Nf3 Nc6 8.
O-O O-O 9. Ne1 b5 10. Nd3 Bb6 11. a4 bxa4 12. Rxa4 Re8 13. Bd2 Bd7 14. Ra3 a5
15. f4 f6 16. f5 Na7 17. Nf2 Nb5 18. Rf3 Nd6 19. g4 Nc4 20. Qc1 Bb5 21. Rg3 Ne3
22. Bxe3 dxe3 23. Nd3 Bxd3 24. cxd3 Qe7 25. g5 Bd4 26. Qc4+ Kh8 27. Rh3 fxg5
28. Bf3 Qf6 29. Bh5 Re7 30. Bg6 h6 31. Qb5 c6 32. Qa4 Rb7 33. Rc1 Rb6 34. b3
Rb4 35. Qxc6 Qxc6 36. Rxc6 Rxb3 37. f6 Rb6 38. Rxb6 Bxb6 39. f7 a4 40. Rf3 Bc5
41. Rf1 a3 42. d4 exd4 43. e5 1/2-1/2

[Event "C.to Europeo U16"]
[Site "Mureck AUT"]
[Date "1998.07.11"]
[Round "4"]
[White "Bertagnolli, Alexander"]
[Black "Jirka, Jiri"]
[Result "1/2-1/2"]
[WhiteElo "1798"]
[BlackElo "2195"]
[PlyCount "99"]
[EventDate "1998.07.08"]

1. e4 e5 2. Nf3 Nc6 3. Bb5 Nd4 4. Nxd4 exd4 5. Bc4 h5 6. Qf3 Qf6 7. Qxf6 Nxf6
8. d3 Bc5 9. Nd2 d6 10. Nb3 Bb6 11. f3 Bd7 12. Bg5 Nh7 13. Bh4 Rf8 14. Bf2 c5
15. Bg3 Bc7 16. O-O-O O-O-O 17. Rhe1 Bc6 18. c3 dxc3 19. bxc3 b5 20. Bd5 Bxd5
21. exd5 a5 22. Re7 Rd7 23. Rde1 Bd8 24. Rxd7 Kxd7 25. c4 a4 26. Nd2 Ba5 27.
Re2 Nf6 28. Bh4 Re8 29. Rxe8 Bxd2+ 30. Kxd2 Nxe8 31. cxb5 Nc7 32. b6 Nxd5 33.
b7 Kc7 34. Bg3 Kxb7 35. Bxd6 Kc6 36. Bf8 g5 37. Bh6 f6 38. Bg7 Kd6 39. Bf8+ Kc6
40. Bg7 Kb5 41. a3 f5 42. h3 g4 43. fxg4 fxg4 44. Bh6 Ne7 45. Kc3 Nf5 46. hxg4
hxg4 47. Bf4 Nh4 48. Bg5 Nf5 49. Bf4 Nd4 50. Be5 1/2-1/2

[Event "C.to Europeo U16"]
[Site "Mureck AUT"]
[Date "1998.07.12"]
[Round "5"]
[White "Sebe-Vodislav, Florian-George"]
[Black "Bertagnolli, Alexander"]
[Result "1/2-1/2"]
[WhiteElo "2235"]
[BlackElo "1798"]
[PlyCount "96"]
[EventDate "1998.07.08"]

1. e4 g6 2. d4 Bg7 3. Nc3 c6 4. f4 d5 5. e5 h5 6. Nf3 Nh6 7. Be2 Bg4 8. Be3 Nf5
9. Bf2 e6 10. h3 Bxf3 11. Bxf3 h4 12. O-O Nd7 13. b3 Bh6 14. Qd2 g5 15. fxg5
Bxg5 16. Qd3 c5 17. Nxd5 Nxd4 18. Bxd4 cxd4 19. Qxd4 exd5 20. e6 Nf6 21. exf7+
Kxf7 22. Bxd5+ Kg7 23. Rf5 Rh5 24. Raf1 Qb6 25. Qxb6 axb6 26. Kh1 Be3 27. Rxf6
Rxd5 28. Rf7+ Kg6 29. a4 Rad8 30. Kh2 Bd4 31. g4 Be5+ 32. Kg2 Rd2+ 33. R1f2 Bg3
34. R7f6+ Kg7 35. Rf7+ Kg8 36. Rf8+ Rxf8 37. Rxd2 Rc8 38. c4 Re8 39. b4 Re4 40.
Rc2 Rf4 41. a5 Be1 42. c5 Bxb4 43. c6 bxc6 44. axb6 c5 45. b7 Rf8 46. Ra2 c4
47. Ra8 Bd6 48. Rc8 Kf7 1/2-1/2

[Event "C.to Europeo U16"]
[Site "Mureck AUT"]
[Date "1998.07.14"]
[Round "6"]
[White "Jirkvalishvili, Otar"]
[Black "Bertagnolli, Alexander"]
[Result "1/2-1/2"]
[WhiteElo "2170"]
[BlackElo "1798"]
[PlyCount "95"]
[EventDate "1998.07.08"]

1. Nf3 g6 2. e4 Bg7 3. d4 d6 4. h3 Nf6 5. Nc3 O-O 6. Be2 Nbd7 7. e5 Ne8 8. O-O
c6 9. Bf4 dxe5 10. Nxe5 Nxe5 11. Bxe5 Bxe5 12. dxe5 Qc7 13. Qd4 Ng7 14. f4 Rd8
15. Qf2 Rd2 16. Qe1 Qb6+ 17. Kh2 Rd4 18. Rd1 Rxd1 19. Nxd1 Bf5 20. Qc3 Rd8 21.
Ne3 Be4 22. Bc4 Nf5 23. Nxf5 Bxf5 24. Bb3 Qd4 25. Qxd4 Rxd4 26. Rf2 h5 27. c3
Rd8 28. Kg3 Rd3+ 29. Kh4 Re3 30. g4 hxg4 31. hxg4 Bd3 32. Bd1 Bb1 33. a3 Kg7
34. Rd2 Bd3 35. g5 Kf8 36. Bg4 e6 37. Rh2 Bf5 38. Rh3 Rxh3+ 39. Bxh3 Bxh3 40.
Kxh3 Ke7 41. Kg3 Kd7 42. Kf3 Kc7 43. Ke4 Kb6 44. Kd4 Kb5 45. c4+ Kb6 46. b4 c5+
47. Kc3 Kc6 48. b5+ 1/2-1/2

[Event "C.to Europeo U16"]
[Site "Mureck AUT"]
[Date "1998.07.15"]
[Round "7"]
[White "Bertagnolli, Alexander"]
[Black "Langheinrich, Ferenc"]
[Result "0-1"]
[WhiteElo "1798"]
[BlackElo "2245"]
[PlyCount "96"]
[EventDate "1998.07.08"]

1. g3 g6 2. Bg2 Bg7 3. e4 c5 4. Nc3 Nc6 5. d3 d6 6. f4 e6 7. Nf3 Nge7 8. O-O
O-O 9. Be3 Nd4 10. Rb1 Rb8 11. Ne2 Nxe2+ 12. Qxe2 b5 13. Qd2 Bb7 14. Nh4 f5 15.
exf5 exf5 16. Bxb7 Rxb7 17. d4 c4 18. d5 b4 19. Bd4 Bxd4+ 20. Qxd4 Qb6 21. Rbd1
Rc8 22. Qxb6 axb6 23. Rfe1 Rc5 24. Re6 Rxd5 25. Rxd6 Rxd1+ 26. Rxd1 Ra7 27. Ra1
Nd5 28. Kf2 Nf6 29. Nf3 Ng4+ 30. Ke2 Re7+ 31. Ne5 Nxe5 32. fxe5 Rxe5+ 33. Kf3
Rd5 34. a3 b3 35. cxb3 Rd3+ 36. Ke2 Rxb3 37. Ra2 Kf7 38. Kd2 Kf6 39. Kc2 Kg5
40. a4 Kg4 41. a5 bxa5 42. Rxa5 Kh3 43. Ra4 Kxh2 44. Rxc4 Rxg3 45. b4 Re3 46.
Rh4+ Kg3 47. Rxh7 f4 48. Kd2 Re6 0-1

[Event "C.to Europeo U16"]
[Site "Mureck AUT"]
[Date "1998.07.16"]
[Round "8"]
[White "Bertagnolli, Alexander"]
[Black "Kekenj, Aleksandar"]
[Result "1-0"]
[WhiteElo "1798"]
[BlackElo "2215"]
[PlyCount "99"]
[EventDate "1998.07.08"]

1. f4 e5 2. fxe5 d6 3. exd6 Bxd6 4. Nf3 g5 5. d4 g4 6. Ne5 Bxe5 7. dxe5 Qxd1+
8. Kxd1 Nc6 9. Nc3 Be6 10. Bg5 Nge7 11. e3 O-O-O+ 12. Bd3 Rhe8 13. Bf6 Rd7 14.
Ne4 Rd5 15. Ke2 Nxe5 16. Nc3 Nxd3 17. cxd3 Rh5 18. b3 Ng6 19. Rac1 Bd7 20. Rcf1
Re6 21. e4 a5 22. d4 Bb5+ 23. Nxb5 Rxb5 24. Kd3 a4 25. d5 Ra6 26. Kc4 Rab6 27.
Bc3 c5 28. bxa4 Rb4+ 29. Bxb4 Rxb4+ 30. Kxc5 Rxe4 31. Rxf7 Ne5 32. Rxh7 Rxa4
33. Rf1 Nd3+ 34. Kd6 Ra6+ 35. Ke7 Ne5 36. Rc1+ Kb8 37. Rb1 Nc4 38. Rb4 Nd6 39.
Ke6 Ka7 40. Ke5 Ka8 41. Rd7 g3 42. hxg3 Nc8 43. Rd8 Rxa2 44. Rxc8+ Ka7 45. Rc7
Re2+ 46. Kd6 Ka8 47. Rh7 Re8 48. Kc7 b5 49. Rb1 Re4 50. Ra1+ 1-0

[Event "C.to Europeo U16"]
[Site "Mureck AUT"]
[Date "1998.07.17"]
[Round "9"]
[White "Gouliev, Sarkhan"]
[Black "Bertagnolli, Alexander"]
[Result "0-1"]
[WhiteElo "2230"]
[BlackElo "1798"]
[PlyCount "70"]
[EventDate "1998.07.08"]

1. d4 g6 2. c4 f5 3. Nc3 Nf6 4. Nf3 Bg7 5. g3 O-O 6. Bg2 d6 7. O-O Qe8 8. d5 e5
9. dxe6 Bxe6 10. Ng5 Bxc4 11. Bxb7 Nbd7 12. Bxa8 Qxa8 13. Qc2 h6 14. Nf3 Ne5
15. Nxe5 dxe5 16. b3 Ba6 17. Ba3 Rf7 18. Rac1 Nh7 19. Rcd1 Ng5 20. h4 Ne6 21.
Nd5 Nd4 22. Rxd4 exd4 23. Nxc7 Qc8 24. Bd6 Rd7 25. Bf4 d3 26. exd3 Bxd3 27. Qc6
Bxf1 28. Kxf1 Rd1+ 29. Kg2 Kh7 30. h5 g5 31. Qg6+ Kh8 32. Bxg5 hxg5 33. h6 Qb7+
34. f3 Rd2+ 35. Kg1 Bd4+ 0-1